000 00342nam a2200133Ia 4500
008 240624s9999 xx 000 0 und d
041 _aeng
082 _a658.81 ZOL
100 _aZOLTNERS ANDRIS A
245 _aCOMPLETE GUIDE TO ACCELERATING SALES FOR
260 _c2001
_aNew York
_bAMACOM
300 _a474 : p. : cm. ; 28
365 _c
_b25
999 _c19494
_d19494